Alternatívne hospodárenie na pôde

Bibliographic Details
Main Authors: Bedrna, Zoltán, 1933-2019 (Author), Vybíralová, Júlia, 1939- (Author), Pavličková, Katarína, 1960- (Author)
Format: Book
Language:Slovak
PhysicalDescription:60 s. 30 cm
Published: Bratislava WEP 1997
ISBN:8096768212
Series:Vysokoškolské skriptá
Subjects:

MARC

LEADER 00000nam a2200000 a 4500
001 vtls001283346
003 SK-MaSNL
005 20260301064805.0
008 251113s1997 xo ap r yy slo
015 |a SNBA1997/0702045 
020 |a 8096768212 
035 |a SNK000234808 
035 |a urn:nbn:sk:snk-amtj1y 
035 |a urn:nbn:sk:snk-am00c8a4 
035 |a C6ADDB4D-075F-4B3A-8A17-FA61061C2F2C 
040 |a SNK  |b slo  |c SNK  |e AACR2 
041 0 |a slo 
044 |a xo  |c SK 
080 |a 631(075.8)  |2 1981 
100 1 |a Bedrna, Zoltán,  |d 1933-2019  |4 aut  |9 104011 
245 1 0 |a Alternatívne hospodárenie na pôde  |c Z. Bedrna, J. Vybíralová, K. Pavlíčková 
260 |a Bratislava  |b WEP  |c 1997 
300 |a 60 s.  |c 30 cm 
490 1 |a Vysokoškolské skriptá 
650 0 7 |a pôda  |2 SNK  |9 1159 
650 0 7 |a poľnohospodárstvo  |x hospodárenie alternatívne  |2 SNK  |9 382587 
655 7 |a Textbooks (higher)  |2 SNKPHeng  |9 276436 
655 7 |a učebnice vysokých škôl  |2 SNKPH  |9 70191 
700 1 |a Vybíralová, Júlia,  |d 1939-  |4 aut  |9 250442 
700 1 |a Pavličková, Katarína,  |d 1960-  |4 aut  |9 213933 
810 2 |a Univerzita Komenského v Bratislave  |t Vysokoškolské skriptá  |9 277216 
919 |a 80-967682-1-2 
958 |a TL 
958 |a NB 
958 |a OND 
999 |c 628244  |d 630174 
952 |t P60, <09>, [BOOK], {629}  |a SNK  |b SNK  |y NEVYP  |7 0  |o snkB 453  |i snk1641/970417  |0 0  |1 0  |4 0  |d 1997-04-16  |l 0  |r 2005-01-02 00:00:00  |w 2026-02-23 
952 |t P60, <03>, [BOOK], {603}  |a SNK  |b SNK  |y PREZ  |7 0  |p 17A0059786  |o snkSB 56810  |i snkKSP 3743/97  |0 0  |1 0  |4 0  |d 1997-04-16  |f 1  |l 0  |r 2025-04-02 00:00:00  |w 2026-02-23 
952 |t P60, <04>, [BOOK], {604}  |a SNK  |b SNK  |y VYP  |7 0  |p 17A0059787  |o snkSB 56810 D1  |i snkKSP 3744/97  |0 0  |1 0  |4 0  |d 1997-04-16  |l 0  |r 2005-01-02 00:00:00  |w 2026-02-23